All Governors of Pennsylvania - Statistics

General Stats
  • This quiz has been taken 11 times
  • The average score is 9 of 50
Answer Stats
Years Served Party Governor % Correct
1829 - 1835 Democrat George Wolf
100%
2023 - Present Democrat Josh Shapiro
100%
2015 - 2023 Democrat Tom Wolf
100%
2003 - 2011 Democrat Ed Rendell
63%
1963 - 1967 Republican William Scranton
50%
1987 - 1995 Democrat Bob Casey Sr.
38%
1971 - 1979 Democrat Milton Shapp
38%
2011 - 2015 Republican Tom Corbett
38%
1995 - 2001 Republican Tom Ridge
38%
1887 - 1891 Republican James A. Beaver
25%
2001 - 2003 Republican Mark Schweiker
25%
1861 - 1867 Republican Andrew Gregg Curtin
13%
1895 - 1899 Republican Daniel H. Hastings
13%
1907 - 1911 Republican Edwin Sydney Stuart
13%
1879 - 1883 Republican Henry M. Hoyt
13%
1855 - 1858 Whig James Pollock
13%
1823 - 1829 Democratic Republican John Andrew Shulze
13%
1947 Republican John C. Bell Jr.
13%
1927 - 1931 Republican John Stuchell Fisher
13%
1867 - 1873 Republican John W. Geary
13%
1820 - 1823 Federalist Joseph Hiester
13%
1835 - 1839 Anti-Masonic Joseph Ritner
13%
1915 - 1919 Republican Martin Grove Brumbaugh
13%
1883 - 1887 Democrat Robert E. Pattison
13%
1891 - 1895 Democrat Robert E. Pattison
13%
1903 - 1907 Republican Samuel W. Pennypacker
13%
1808 - 1817 Democratic Republican Simon Snyder
13%
1799 - 1808 Democratic Republican, Constitutionist Thomas McKean
13%
1790 - 1799 None, Democratic Republican Thomas Mifflin
13%
1852 - 1855 Democrat William Bigler
13%
1848 - 1852 Whig William F. Johnston
13%
1858 - 1861 Democrat William F. Packer
13%
1939 - 1943 Republican Arthur James
0%
1959 - 1963 Democrat David L. Lawrence
0%
1839 - 1845 Democrat David R. Porter
0%
1979 - 1987 Republican Dick Thornburgh
0%
1943 - 1947 Republican Edward Martin
0%
1845 - 1848 Democrat Francis R. Shunk
0%
1935 - 1939 Democrat George Howard Earle III
0%
1955 - 1959 Democrat George M. Leader
0%
1923 - 1927 Republican Gifford Pinchot
0%
1931 - 1935 Republican Gifford Pinchot
0%
1947 - 1951 Republican James H. Duff
0%
1873 - 1879 Republican John F. Hartranft
0%
1911 - 1915 Republican John K. Tener
0%
1951 - 1955 Republican John S. Fine
0%
1967 - 1971 Republican Raymond P. Shafer
0%
1899 - 1903 Republican William A. Stone
0%
1919 - 1923 Republican William Cameron Sproul
0%
1817 - 1820 Democratic Republican William Findlay
0%
No matching quizzes found
Score Distribution
Percent of People with Each Score
Percentile by Number Answered
Your Score History
You have not taken this quiz